000
00299nam a22001217a 4500
020
_a
9780367656317
040
_c
NUST
082
_a
006.45
_b
HIL
100
_a
Hill, Paul R
_9
83606
245
_a
Audio and Speech Processing With Matlab
260
_a
Boca Raton:
_b
CRC Press,
_c
2019.
942
_2
ddc
_c
BK
999
_c
586627
_d
586627